00698nam a2200241 a 4500001001300000003000900013005001700022008004100039020001000080082001900090100002700109245002500136260004300161300000900204500003500213505000900248650002300257700002700280902000800307942000700315952011900322999001500441nice12345678IN_TiNIC20260116011643.0050524s1880 alia grp 000 0 ara  ac10000a297.1227bTAS1 aTasaneef-I-Ahmediyya,  aTasaneef-I-Ahmediyya aAligarhbAligarh Institute Pressc1880 a313p aincludes index and biblioraphy2 aill. aQuran-Hermeneutics1 aTasaneef-I-Ahmediyya,  bSRS cBK 001040708StackRoom-aHMIbHMId2007-08-03g100.00l0o297.1227 TAS1p06215r2007-08-03v100.00w2005-05-24yBK c3159d3159